[Event "Kiev Express blitz op"]
[Site "Kiev"]
[Date "2024.08.30"]
[Round "4"]
[White "Kazakov, Maksym"]
[Black "Romanov, Vladimir"]
[Result "1/2-1/2"]
[WhiteElo "2082"]
[BlackElo "2005"]
[PlyCount "110"]
[EventDate "2024.08.30"]
[EventType "swiss (blitz)"]
[EventRounds "9"]
[EventCountry "UKR"]
[SourceTitle "EXT 2025"]
[Source "ChessBase"]
[SourceDate "2024.10.14"]
[SourceVersion "1"]
[SourceVersionDate "2024.10.14"]
[SourceQuality "1"]

1. b3 e5 2. Bb2 Nc6 3. e3 Nf6 4. Bb5 d6 5. Ne2 Be7 6. 0-0 0-0 7. f4 e4 8. Ng3 d5 9. c4 a6 10. Bxc6 bxc6 11. Na3 a5 12. Nc2 a4 13. Nd4 Bd7 14. bxa4 Bc5 15. a5 dxc4 16. Qa4 Bxd4 17. Bxd4 c5 18. Qxc4 cxd4 19. Qxd4 Bb5 20. Qxd8 Rfxd8 21. Rfd1 Rxa5 22. Nf1 Kf8 23. h3 c6 24. g4 Rda8 25. Ng3 Rxa2 26. Rxa2 Rxa2 27. g5 Nd5 28. Nxe4 Rc2 29. Kf2 Ke7 30. Ke1 Nxe3 31. Ra1 Nd5 32. Ra7+ Ke6 33. Kd1 Rb2 34. Nc5+ Kf5 35. Rxf7+ Kg6 36. Rf8 Rb1+ 37. Kc2 Rh1 38. Nd7 Rxh3 39. Ne5+ Kh5 40. Rf7 Ba4+ 41. Kc1 Nb4 42. Rxg7 Nd3+ 43. Kb1 Nxe5 44. Rxh7+ Kg4 45. Rxh3 Kxh3 46. fxe5 Bb3 47. Kb2 Bd5 48. Kc3 Kg4 49. g6 Kf5 50. Kd4 Kxg6 51. Kc5 Kf5 52. Kd6 Ke4 53. e6 Bxe6 54. d3+ Kxd3 55. Kxc6 Ke4 1/2-1/2

[Event "Kiev All Ukranian 2nd"]
[Site "Kiev"]
[Date "2024.06.30"]
[Round "7"]
[White "Maliutin, Oleksandr"]
[Black "Romanov, Vladimir"]
[Result "0-1"]
[WhiteElo "2214"]
[BlackElo "1978"]
[PlyCount "82"]
[EventDate "2024.06.30"]
[EventType "swiss (rapid)"]
[EventRounds "9"]
[EventCountry "UKR"]
[SourceTitle "CBM 220 Extra"]
[Source "ChessBase"]
[SourceDate "2024.07.31"]
[SourceVersion "1"]
[SourceVersionDate "2024.07.31"]
[SourceQuality "1"]

1. e4 Nc6 2. Nf3 d6 3. d4 Nf6 4. Nc3 Bg4 5. Be3 e6 6. h3 Bh5 7. Qd2 d5 8. e5 Ne4 9. Nxe4 dxe4 10. Ng5 Bg6 11. f3 exf3 12. Nxf3 Nb4 13. Rc1 Nxa2 14. Rd1 Nb4 15. c3 Nc2+ 16. Kf2 Nxe3 17. Qxe3 a6 18. Bd3 Be7 19. h4 Rc8 20. Bc4 c6 21. h5 Bf5 22. h6 g5 23. b4 Rg8 24. Bd3 g4 25. Ne1 Rg5 26. Ke2 a5 27. Bxf5 Rxf5 28. Qe4 axb4 29. c4 Qa5 30. Nc2 Qa2 31. Rd2 Qxc4+ 32. Ke1 Bg5 33. Rf2 Qc3+ 34. Kf1 b3 35. Ne1 Rxf2+ 36. Kxf2 Rd8 37. Qxh7 Qxd4+ 38. Kf1 Qf4+ 39. Kg1 Qe3+ 40. Kf1 Rd2 41. Qg8+ Ke7 0-1

[Event "Kyiv Spring op"]
[Site "Kiev"]
[Date "2023.03.26"]
[Round "2"]
[White "Pavlov, Sergey1"]
[Black "Romanov, Vladimir"]
[Result "1-0"]
[WhiteElo "2473"]
[BlackElo "1992"]
[PlyCount "92"]
[EventDate "2023.03.25"]
[EventType "swiss"]
[EventRounds "9"]
[EventCountry "UKR"]
[SourceTitle "CBM 213 Extra"]
[Source "ChessBase"]
[SourceDate "2023.05.31"]
[SourceVersion "1"]
[SourceVersionDate "2023.05.31"]
[SourceQuality "1"]

1. Nf3 Nf6 2. c4 e6 3. g3 d5 4. Bg2 dxc4 5. Qa4+ Bd7 6. Qxc4 Nc6 7. 0-0 Rc8 8. d4 Na5 9. Qd3 c5 10. dxc5 Bxc5 11. Ne5 Nc6 12. Nxd7 Qxd7 13. Qxd7+ Nxd7 14. Nc3 Nf6 15. Bf4 h6 16. Rac1 g5 17. Bxc6+ Rxc6 18. Be5 Be7 19. Ne4 Nxe4 20. Rxc6 bxc6 21. Bxh8 f6 22. Rc1 c5 23. Rc4 Nd6 24. Rxc5 Kd7 25. Ra5 Nc8 26. Ra6 Bd8 27. Bg7 h5 28. Bf8 Bb6 29. Ra3 a5 30. Rd3+ Kc6 31. Rc3+ Kd7 32. Bc5 Bc7 33. Kg2 f5 34. a3 Nd6 35. Bxd6 Bxd6 36. e4 fxe4 37. Re3 Be5 38. b3 Bd6 39. a4 Kc6 40. Rxe4 Kd5 41. Rc4 e5 42. f3 Bc5 43. h4 Be7 44. Rc7 Bf6 45. hxg5 Bxg5 46. Ra7 e4 1-0

[Event "Kiev Spring op"]
[Site "Kiev"]
[Date "2021.07.13"]
[Round "5"]
[White "Romanov, Vladimir"]
[Black "Ghevondyan, Arman"]
[Result "0-1"]
[WhiteElo "2045"]
[BlackElo "1824"]
[PlyCount "100"]
[EventDate "2021.07.10"]
[EventType "swiss"]
[EventRounds "9"]
[EventCountry "UKR"]
[SourceTitle "EXT 2024"]
[Source "ChessBase"]
[SourceDate "2023.10.10"]
[SourceVersion "1"]
[SourceVersionDate "2023.10.10"]
[SourceQuality "1"]

1. e4 c5 2. Nc3 Nc6 3. f4 g6 4. Nf3 Bg7 5. Bc4 e6 6. a3 Nge7 7. Ba2 d5 8. e5 Nf5 9. 0-0 Nfd4 10. d3 Nxf3+ 11. Qxf3 Nd4 12. Qf2 b6 13. b4 Bf8 14. Kh1 Bb7 15. bxc5 bxc5 16. Be3 Qa5 17. Bxd4 cxd4 18. Qxd4 Bc6 19. Ne2 Bc5 20. Qb2 Bxa3 21. Qb3 Bc5 22. d4 Be7 23. Qf3 Qc7 24. f5 gxf5 25. g4 f4 26. Nxf4 Rf8 27. g5 0-0-0 28. h4 Bb5 29. Rf2 h6 30. gxh6 Rh8 31. Ng2 Rxh6 32. Qxf7 Bxh4 33. Qxc7+ Kxc7 34. Nxh4 Rxh4+ 35. Rh2 Rxd4 36. Bb3 Kb6 37. Rh6 Bd7 38. c3 Rd3 39. Ba4 Bxa4 40. Rxa4 Re8 41. Ra3 d4 42. Rh7 Rxc3 43. Raxa7 Kc5 44. Rhd7 Rg3 45. Rac7+ Kb5 46. Rc2 d3 47. Rb2+ Kc4 48. Rh2 Rg5 49. Rg2 Rh8+ 50. Kg1 Rhg8 0-1

[Event "Kiev-ch"]
[Site "Kiev"]
[Date "2008.01.21"]
[Round "3"]
[White "Kraschenko, Alexandr"]
[Black "Romanov, Vladimir"]
[Result "0-1"]
[WhiteElo "2052"]
[BlackElo "2258"]
[PlyCount "72"]
[EventDate "2008.01.19"]
[EventType "swiss"]
[EventRounds "11"]
[EventCountry "UKR"]
[SourceTitle "CBM 122 Extra"]
[Source "ChessBase"]
[SourceDate "2008.03.04"]
[SourceVersion "1"]
[SourceVersionDate "2008.03.04"]
[SourceQuality "1"]

1. c4 e5 2. Nc3 Nc6 3. g3 f5 4. Bg2 Nf6 5. d3 Bc5 6. e3 d6 7. Nge2 a6 8. 0-0 Ba7 9. Rb1 0-0 10. d4 e4 11. f3 exf3 12. Bxf3 Kh8 13. a3 Ne7 14. Nf4 c6 15. b4 Qe8 16. Kh1 Bd7 17. e4 Ng6 18. Re1 Qf7 19. Nxg6+ Qxg6 20. e5 Ng4 21. Bxg4 fxg4 22. Bf4 dxe5 23. dxe5 Be6 24. Qe2 Bd4 25. Ne4 b5 26. Qd2 Rad8 27. Nd6 c5 28. bxc5 Bxc5 29. cxb5 Bf5 30. Rbd1 axb5 31. Qe2 Bd7 32. Qg2 Qe6 33. Qd5 Qxd5+ 34. Rxd5 Bc6 35. Red1 Bxd6 36. exd6 Rf5 0-1

[Event "Kiev Independence Cup-A 7th"]
[Site "Kiev"]
[Date "2007.08.20"]
[Round "8"]
[White "Moiseev, Igor"]
[Black "Romanov, Vladimir"]
[Result "1/2-1/2"]
[WhiteElo "2217"]
[BlackElo "2268"]
[PlyCount "127"]
[EventDate "2007.08.13"]
[EventType "swiss"]
[EventRounds "11"]
[EventCountry "UKR"]
[SourceTitle "CBM 119 Extra"]
[Source "ChessBase"]
[SourceDate "2007.09.04"]
[SourceVersion "1"]
[SourceVersionDate "2007.09.04"]
[SourceQuality "1"]

1. e4 e5 2. Nf3 Nc6 3. Bb5 a6 4. Ba4 Nf6 5. 0-0 Be7 6. Re1 b5 7. Bb3 d6 8. c3 0-0 9. h3 Na5 10. Bc2 c5 11. d4 Qc7 12. d5 Bd7 13. Nbd2 g6 14. Nf1 Nh5 15. Bh6 Rfb8 16. b3 c4 17. b4 Nb7 18. Qd2 a5 19. a3 Ra6 20. g4 Ng7 21. Ng3 Rba8 22. Rac1 Nd8 23. Kh1 f6 24. Rg1 Nf7 25. Be3 axb4 26. axb4 Ra2 27. Kh2 Qc8 28. Ne2 R8a6 29. Rb1 Bd8 30. Nc1 R2a3 31. Ne2 Qa8 32. Rb2 Qb7 33. Bb1 Bb6 34. Ne1 Ra8 35. Nc2 R3a6 36. f3 h6 37. Bxb6 Qxb6 38. Qe3 g5 39. Qxb6 Rxb6 40. Ra2 Rxa2 41. Bxa2 Ra6 42. Ra1 Nh8 43. Bb1 Rxa1 44. Nxa1 Ng6 45. Nc2 Kf7 46. Kg3 h5 47. Ne1 h4+ 48. Kf2 Ne8 49. Nc2 Nc7 50. Na3 Ke7 51. Bc2 Kd8 52. Bd1 Kc8 53. Ke3 Kb7 54. Kd2 Kb6 55. Bc2 Kb7 56. Nb1 Na8 57. Na3 Nb6 58. Ke1 Nc8 59. Kf2 Kb6 60. Nb1 Nce7 61. Bd1 Ng8 62. Na3 Nh6 63. Nc2 Nf7 64. Ne3 1/2-1/2

[Event "Kiev Independence Cup-A 7th"]
[Site "Kiev"]
[Date "2007.08.18"]
[Round "6"]
[White "Grinev, Valeriy"]
[Black "Romanov, Vladimir"]
[Result "0-1"]
[WhiteElo "2242"]
[BlackElo "2268"]
[PlyCount "116"]
[EventDate "2007.08.13"]
[EventType "swiss"]
[EventRounds "11"]
[EventCountry "UKR"]
[SourceTitle "CBM 119 Extra"]
[Source "ChessBase"]
[SourceDate "2007.09.04"]
[SourceVersion "1"]
[SourceVersionDate "2007.09.04"]
[SourceQuality "1"]

1. d4 Nf6 2. c4 e6 3. g3 d5 4. Nf3 dxc4 5. Qa4+ Bd7 6. Qxc4 Nc6 7. Bg2 Rc8 8. 0-0 Na5 9. Qd3 c5 10. dxc5 Bxc5 11. Ne5 Nc6 12. Nxd7 Qxd7 13. Qxd7+ Nxd7 14. Nc3 Ke7 15. Rd1 h6 16. b3 f5 17. Bb2 Nf6 18. e4 Ng4 19. Rd2 Nce5 20. Na4 Rhd8 21. Rxd8 Bxf2+ 22. Kh1 Rxd8 23. h3 b5 24. hxg4 Nxg4 25. Nc3 b4 26. Na4 g5 27. exf5 exf5 28. a3 a5 29. axb4 axb4 30. Bf3 Rd2 31. Bxg4 fxg4 32. Be5 h5 33. Rc1 h4 34. Rc4 Ke6 35. Bc7 Kf5 36. gxh4 gxh4 37. Rf4+ Kg5 38. Rxb4 Be3 39. Nc3 Rc2 40. Rb5+ Kg6 41. Nd5 Rc1+ 42. Kg2 Rc2+ 43. Kf1 Bc5 44. b4 Bd4 45. Nf4+ Kf7 46. Rf5+ Ke8 47. Bd6 g3 48. Rg5 Rf2+ 49. Ke1 Bc3+ 50. Kd1 Rd2+ 51. Kc1 Rxd6 52. Kc2 Bf6 53. Rh5 Rd4 54. Ng2 Rxb4 55. Kd3 Kf7 56. Ke3 Kg6 57. Rd5 h3 58. Ne1 h2 0-1

[Event "Kiev Independence Cup-A 7th"]
[Site "Kiev"]
[Date "2007.08.13"]
[Round "1"]
[White "Romanov, Vladimir"]
[Black "Neronov, Boris"]
[Result "1-0"]
[WhiteElo "2268"]
[BlackElo "2031"]
[PlyCount "61"]
[EventDate "2007.08.13"]
[EventType "swiss"]
[EventRounds "11"]
[EventCountry "UKR"]
[SourceTitle "CBM 119 Extra"]
[Source "ChessBase"]
[SourceDate "2007.09.04"]
[SourceVersion "1"]
[SourceVersionDate "2007.09.04"]
[SourceQuality "1"]

1. e4 d5 2. exd5 Nf6 3. d4 Nxd5 4. c4 Nb6 5. Nf3 Bg4 6. c5 N6d7 7. Bc4 e6 8. Be3 Be7 9. Nbd2 0-0 10. h3 Bh5 11. g4 Bg6 12. h4 h5 13. Ng5 Nf6 14. gxh5 Bxh5 15. Ndf3 Nc6 16. Rg1 Qd7 17. Qd2 b6 18. 0-0-0 bxc5 19. Qc3 cxd4 20. Bxd4 Qd6 21. Qe3 Nxd4 22. Rxd4 Qb6 23. Ne5 Rab8 24. Bb3 Bc5 25. Nxe6 fxe6 26. Qg5 Ne8 27. Nd7 Be7 28. Qxh5 Nf6 29. Qg6 Qc6+ 30. Rc4 Qxc4+ 31. Bxc4 1-0

[Event "Kiev Independence Cup-B 7th"]
[Site "Kiev"]
[Date "2007.08.09"]
[Round "7"]
[White "Romanov, Vladimir"]
[Black "Khliastikov, Georgy"]
[Result "0-1"]
[WhiteElo "2214"]
[BlackElo "2120"]
[PlyCount "52"]
[EventDate "2007.08.03"]
[EventType "swiss"]
[EventRounds "9"]
[EventCountry "UKR"]
[SourceTitle "EXT 2023"]
[Source "ChessBase"]
[SourceDate "2022.10.05"]
[SourceVersion "1"]
[SourceVersionDate "2022.10.05"]
[SourceQuality "1"]

1. e4 e6 2. d4 d5 3. e5 c5 4. c3 Nc6 5. Nf3 Qb6 6. Bd3 cxd4 7. cxd4 Bd7 8. 0-0 Nxd4 9. Nxd4 Qxd4 10. Nc3 a6 11. Qe2 Ne7 12. Kh1 Qb6 13. a4 Nc6 14. f4 Nd4 15. Qf2 Bc5 16. Qg3 g6 17. f5 gxf5 18. Bg5 Rg8 19. Rxf5 Nxf5 20. Bxf5 Be7 21. h4 h6 22. Qh3 hxg5 23. Nxd5 Qd8 24. Rd1 exf5 25. hxg5 Bxg5 26. Qh7 Kf8 0-1